00000000nam 2200000za 4500
0019.832861
003CaOODSP
00520240527135430
007cr |||||||||||
008170222t2017    onc     o    f000 0 eng d
020 |a978-0-660-07726-0
040 |aCaOODSP|beng
043 |an-cn---
0861 |aCW69-14/743-2017E-PDF
24500|aCOSEWIC assessment and status report on the Evening Grosbeak, Coccothraustes vespertinus, in Canada |h[electronic resource].
24615|aCOSEWIC status report on the Evening Grosbeak, Coccothraustes vespertinus, in Canada
260 |aOttawa : |bEnvironment and Climate Change Canada, |c2017, c2016.
300 |axi, 64 p. : |bfigures.
500 |aIssued also in French under title: Évaluation et rapport de situation du COSEPAC sur le Gros-bec errant, Coccothraustes vespertinus, au Canada.
500 |aCover title.
500 |a"Special concern, 2016."
500 |a"COSEWIC acknowledges Carl Savignac for writing the status report on the Evening Grosbeak, Coccothraustes vespertinus, in Canada, prepared with the financial support of Environment and Climate Change Canada. This report was overseen and edited by Jon McCracken, Co-chair of the COSEWIC Birds Specialist Subcommittee."
69207|2gccst|aEndangered species
69207|2gccst|aNature conservation
69207|2gccst|aBirds
7001 |aSavignac, Carl, |d1971-
7001 |aMcCracken, Jon D.
7102 |aCommittee on the Status of Endangered Wildlife in Canada.
7102 |aCanadian Wildlife Service.
7101 |aCanada. |bEnvironment and Climate Change Canada.
77508|tÉvaluation et rapport de situation du COSEPAC sur le Gros-bec errant, Coccothraustes vespertinus, au Canada |w(CaOODSP)9.832862
85640|qPDF|s2.95 MB|uhttps://publications.gc.ca/collections/collection_2017/eccc/CW69-14-743-2017-eng.pdf